Geography Quiz

Random Geography or State Quiz

RDU/Raleigh-Durham Nonstop Destinations Quiz Stats

 Plays Quiz not verified by Sporcle

Score 0/42 Timer 08:00
0 Plays Today
Airlines Airport % Correct
AirTran (FL)/Delta (DL)Atlanta
99.4%
American (AA)London
98.2%
American (AA)Miami
98.2%
Air Canada (AC)Toronto
97.6%
American (AA)Dallas Ft. Worth
97.6%
American (AA)/Delta (DL)/Jetblue (B6)New York Kennedy
97%
American (AA)/Delta (DL)/USAirways (US)New York LaGuardia
95.2%
American (AA)/United (UA)Chicago O'Hare
94.6%
American (AA)/USAirways (US)Washington Reagan
91%
Continental (CO)Cleveland
91%
Continental (CO)Newark
90.4%
Delta (DL)Detroit
90.4%
Delta (DL)Los Angeles
90.4%
Delta (DL)Minneapolis St. Paul
90.4%
Delta (DL)/Jetblue (B6)Boston
90.4%
Delta (DL)Indianapolis
89.2%
Delta (DL)Columbus
88%
Delta (DL)Cincinnati
87.4%
Continental (CO)Cancun
86.8%
Delta (DL)Memphis
86.8%
Delta (DL)Orlando
85.6%
Airlines Airport % Correct
Delta (DL)Hartford
85.6%
Continental (CO)Houston Bush
83.8%
Southwest (WN)Baltimore
83.2%
Southwest (WN)Las Vegas
83.2%
Delta (DL)St. Louis
82.6%
Froniter (F9)Milwaukee
82.6%
Southwest (WN)Denver
82.6%
Southwest (WN)/USAirways (US)Philadelphia
82.6%
Southwest (WN)Nashville
82%
Southwest (WN)Phoenix
82%
USAirways (US)Charlotte
81.4%
USAirways (US)Pittsburgh
80.8%
United (UA)Washington Dulles
77.8%
Southwest (WN)Chicago Midway
77.2%
Jetblue (B6)/Southwest (WN)Ft. Lauderdale
71.3%
Delta (DL)Tampa
62.9%
Delta (DL)Cancun
55.7%
Southwest (WN)Orlando
50.9%
Southwest (WN)Tampa
46.7%
Delta (DL)Miami
45.5%
Delta (DL)Ft. Myers
34.1%

You're not logged in!

Compare scores with friends on all Sporcle quizzes.
OR
Log In

Show Comments

Extras

Top Quizzes Today


Score Distribution

Your Account Isn't Verified!

In order to create a playlist on Sporcle, you need to verify the email address you used during registration. Go to your Sporcle Settings to finish the process.

Report this User

Report this user for behavior that violates our Community Guidelines.

Details: